• 首页
  • 本馆介绍
  • 公告通知
  • 最新文献
  • 馆藏检索
  • 电子资源
  • 读者导购
  • 参考咨询
  • 我的图书馆
  • 登录
  • 详细信息显示
  • 放入我的书架
  • 预约/预借图书
  • 作者相关作品
  • 分类相关作品
  • 丛书相关作品
  • 出版社相关作品

书目信息

  • 表格格式
  • 工作单格式
  • 卡片格式
题名:
科学研究的艺术
    
 
作者: 贝弗里奇 著 ;陈捷 译
分册:  
出版信息: 北京   科学出版社  1979
页数: 179页
开本: 19cm
丛书名:
单 册:
中图分类: N013
科图分类:
主题词: 科学研究--方法 , 自然科学--科学研究--政策
电子资源:
ISBN:
000 00748nam0 2200253 45
001 0179007099
005 20060925095556.03
010    @dCNY0.50
091    @a17031.81
100    @a19950810d1979 em y0chiy0121 ea
101 1  @achi@ceng
102    @aCN@b110000
105    @ay z 000yy
200 10 @a科学研究的艺术@Ake xue yan jiu de yi shu@f(英)W·I·B·贝弗里奇著@F(ying)W·I·B·bei fu li qi zhu@g陈捷译
210    @a北京@c科学出版社@d1979
215    @a179页@c照片@d19cm
510 1  @aThe art of scientific incestigation@zeng
606    @a科学研究@x方法
606 0  @a自然科学@x科学研究@x政策
690    @aN013@v4
701  0 @a贝弗里奇@Abei fu li qi@4著
702  0 @a陈捷@Achen jie@4译
801  0 @aCN@bNLC@c20060925
905    @dN013@e1
    
    科学研究的艺术/(英)W·I·B·贝弗里奇著/陈捷译.-北京:科学出版社,1979
    179页:照片;19cm
    
    
    ISBN :CNY0.50
    
●
相关链接 在E读中查询图书 在五车中查询图书 在当当中查询图书 在豆瓣中查询图书


正题名:科学研究的艺术     索取号:N013/1         预约/预借

序号 登录号 条形码 馆藏地/架位号 状态 备注
1 0004635   202227009   密集书库/ [索取号:N013/1] 在馆    
2 0004636   202232299   密集书库/ [索取号:N013/1] 在馆    
3 0004637   202226983   密集书库/ [索取号:N013/1] 在馆    
4 0004638   202226974   密集书库/ [索取号:N013/1] 在馆    
5 0007437   000563134   第二样本阅览室/ [索取号:N013/1] 在馆    
6 0007438   202227063   密集书库/ [索取号:N013/1] 在馆    
7 0007439   202227036   密集书库/ [索取号:N013/1] 在馆    
8 0007440   202227027   密集书库/ [索取号:N013/1] 在馆    
9 0007441   000563090   第三借阅区/ [索取号:N013/1] 在馆    
10 0007442   202227018   密集书库/ [索取号:N013/1] 在馆    
11 0007443   202227072   密集书库/ [索取号:N013/1] 在馆    
12 0007444   202226965   密集书库/ [索取号:N013/1] 在馆    
13 0422623   204226239   密集书库/ [索取号:N013/1] 在馆    
14 0424448   204244488   密集书库/ [索取号:N013/1] 在馆    
15 0451738   204517380   密集书库/ [索取号:N013/1] 在馆    
16 0451823   204518236   密集书库/ [索取号:N013/1] 在馆    
17 0452224   204522249   密集书库/ [索取号:N013/1] 在馆    
18 0452391   204523916   密集书库/ [索取号:N013/1] 在馆    
19 0472079   204720793   密集书库/ [索取号:N013/1] 在馆    
唐山师范学院图书馆 欢迎您!
大连网信软件有限公司© 版权所有